000
00292 a2200145 4500
001
190786
020
_a
040
_c
Magnum
240
1
0
_a
A lebre e a tartaruga
_l
por
245
1
0
_a
A lebre e a tartaruga
300
_a
16
362
0
_a
1993
697
_a
LITERATURA INFANTO
942
_c
BK
999
_c
190786
_d
190786